Normal view
MARC view
- Mahdism
Entry Topical Term
001 - CONTROL NUMBER
- control field: 8897
003 - CONTROL NUMBER IDENTIFIER
- control field: OSt
005 - DATE AND TIME OF LATEST TRANSACTION
- control field: 20170607093159.0
008 - FIXED-LENGTH DATA ELEMENTS
- fixed length control field: 170607|| aca||aabn | a|a d
040 ## - CATALOGING SOURCE
- Original cataloging agency: OSt
- Transcribing agency: OSt
150 ## - HEADING--TOPICAL TERM
- Topical term or geographic name entry element: Mahdism
670 ## - SOURCE DATA FOUND
- Source citation: Work cat.: (OSt)0: Mohammad Suhair Asyraf, 1995- author. 8896, KRONOLOGI MISTERI :

PORTAL AKMAL
E-MEL JKDM
AKMAL2U
G-BAM
u-PUSTAKA